| 000 | 01394nam0a2200361 4500 | ||
|---|---|---|---|
| 001 | RU\NLR\bibl\1331275 | ||
| 005 | 20260406071923.0 | ||
| 010 |
_a978-5-17-040266-3 _bАСТ |
||
| 010 |
_a978-5-9713-9350-4 _bАСТ Москва _93000 |
||
| 021 |
_aRU _b2008-104125 _96132 |
||
| 035 | _a(nilc)EL/0000228878 | ||
| 035 | _aKML\BIBL\0000006621 | ||
| 035 | _a(NLR Aleph) 001316507 | ||
| 090 |
_a712556 _c712556 |
||
| 100 | _a20081125d2008 |||y0rusy50 ca | ||
| 101 | 1 |
_arus _ceng |
|
| 102 | _aRU | ||
| 105 | _ay ||||||||| | ||
| 200 | 1 |
_aЛогово костей _e[фантастический роман] _fДэвид Фарланд _g[пер. с англ. В. Гончаренко, Н. Гущиной] |
|
| 210 |
_aМосква _cАСТ _cАСТ МОСКВА _d2008 |
||
| 215 |
_a606, [1] с. _d21 |
||
| 225 | 1 | _aЗолотая серия фэнтези | |
| 686 |
_a84.7США _vLBC/PL _2rubbk |
||
| 686 | _aШ6(7США)67-445{Лх1979-62} | ||
| 700 | 1 |
_4070 _8rus _7ca _aФарланд _bД. _f1957- _gДэвид _3RU\NLR\auth\7716901 _9126533 |
|
| 801 | 0 |
_aRU _bЦУНБ Москва _c20081125 _grcr |
|
| 801 | 1 |
_aRU _bЦУНБ Москва _c20081125 _2rusmarc |
|
| 801 | 2 |
_aRU _bЦУНБ Москва _c20081216 _2rusmarc |
|
| 801 | 2 |
_aRU _bNLR _c20090219 _grcr |
|
| 830 | _aCODE_OF_LIBNET\000016585 | ||
| 942 | _cBOOK | ||
| 980 | _aNB | ||